Sperrfeuer un deustschland / (Record no. 33671)
[ view plain ]
| 000 -LEADER | |
|---|---|
| campo de control de longitud fija | 00438nam a2200145 i 4500 |
| 001 - NÚMERO DE CONTROL | |
| campo de control | 33671 |
| 003 - IDENTIFICADOR DE NÚMERO DE CONTROL | |
| campo de control | ES-MaACL |
| 007 - CAMPO FIJO DE DESCRIPCIÓN FÍSICA--INFORMACIÓN GENERAL | |
| campo de control de longitud fija | t| |
| 008 - DATOS DE LONGITUD FIJA--INFORMACIÓN GENERAL | |
| campo de control de longitud fija | 030203s1942 ddr ||||1| ger d |
| 100 1# - ENTRADA PRINCIPAL--NOMBRE DE PERSONA | |
| Nombre de persona | Beumelburg, Werner. |
| 9 (RLIN) | 28705 |
| 245 10 - MENCIÓN DEL TÍTULO | |
| Título | Sperrfeuer un deustschland / |
| Mención de responsabilidad, etc. | por Werner Beumelburg. |
| 260 ## - PUBLICACIÓN, DISTRIBUCIÓN, ETC. | |
| Lugar de publicación, distribución, etc. | Leipzig : |
| Nombre del editor, distribuidor, etc. | Verlag Bernhard Tauchnitz, |
| Fecha de publicación, distribución, etc. | 1942 ( |
| Fabricante | Oscar Brandstetter) |
| 300 ## - DESCRIPCIÓN FÍSICA | |
| Extensión | 350 p. ; |
| Dimensiones | 19 cm. |
| 852 ## - LOCALIZACIÓN | |
| Ubicación | ES-MaACL |
| Número de control de estantería | G-13242 |
| Sublocalización o colección | R.19927 |
| Estatus retirado | Estado de pérdida | Estado de daño | No para préstamo | Biblioteca de origen | Biblioteca actual | Ubicación en estantería | Fecha de adquisición | Fuente de adquisición | Total de préstamos | Signatura topográfica completa | Código de barras | Visto por última vez | Precio de reemplazo | Tipo de ítem Koha |
|---|---|---|---|---|---|---|---|---|---|---|---|---|---|---|
| Biblioteca del Ateneo de Madrid | Biblioteca del Ateneo de Madrid | Sala Pecera Planta 3 | 17/01/2008 | G-13242 | 1035045 | 23/02/2023 | 23/02/2023 | Libro impreso |
